[Event "Golden Cleopatra op 7th"]
[Site "Cairo"]
[Date "2003.06.08"]
[Round "7"]
[White "Hamed, Ahmed"]
[Black "Abdelnabbi, Imed"]
[Result "0-1"]
[WhiteElo "2286"]
[BlackElo "2446"]
[PlyCount "98"]
[EventDate "2003.06.03"]
[EventType "swiss"]
[EventRounds "10"]
[EventCountry "EGY"]
[SourceTitle "CBM 094 Extra"]
[Source "ChessBase"]
[SourceDate "2003.07.09"]
[SourceVersion "2"]
[SourceVersionDate "2003.07.09"]
[SourceQuality "1"]

1. Nf3 Nf6 2. g3 d5 3. Bg2 e6 4. 0-0 Be7 5. d3 c5 6. Nbd2 Nc6 7. e4 b6 8. Re1 Bb7 9. Qe2 Nb4 10. e5 Nxc2 11. exf6 Bxf6 12. Nf1 Nxa1 13. Bf4 0-0 14. Rxa1 Re8 15. Ne5 Bxe5 16. Qxe5 f6 17. Qh5 Qd7 18. a4 d4 19. Bd2 e5 20. Bxb7 Qxb7 21. Re1 Qa6 22. f4 Qxd3 23. fxe5 fxe5 24. Rxe5 Rxe5 25. Qxe5 Rf8 26. Qe6+ Kh8 27. Bf4 Qf5 28. Qe7 Qf7 29. Qxf7 Rxf7 30. h4 Kg8 31. Kf2 Re7 32. Nd2 Kf7 33. a5 Ke6 34. axb6 axb6 35. Ke2 Kd5+ 36. Kd3 b5 37. b3 Re1 38. h5 Rh1 39. h6 gxh6 40. Nf3 h5 41. Ke2 Rb1 42. Nd2 Ra1 43. Nf3 Ra2+ 44. Nd2 c4 45. bxc4+ bxc4 46. Kf3 Ra3+ 47. Ke2 Ra6 48. Nf1 Ra2+ 49. Kf3 c3 0-1

[Event "Abu Dhabi op 12th"]
[Site "Abu Dhabi"]
[Date "2002.08.19"]
[Round "8"]
[White "Coleman, James"]
[Black "Hamed, Ahmed"]
[Result "1/2-1/2"]
[WhiteElo "2123"]
[BlackElo "2308"]
[PlyCount "52"]
[EventDate "2002.08.12"]
[EventType "swiss"]
[EventRounds "9"]
[EventCountry "UAE"]
[SourceTitle "CBM 089 Extra"]
[Source "ChessBase"]
[SourceDate "2002.09.10"]
[SourceVersion "2"]
[SourceVersionDate "2002.09.10"]
[SourceQuality "1"]

1. d4 Nf6 2. Nf3 d6 3. Nc3 Nbd7 4. e4 e5 5. Bc4 Be7 6. dxe5 dxe5 7. 0-0 0-0 8. Qe2 c6 9. a4 a5 10. Rd1 Qc7 11. h3 Nc5 12. Bg5 h6 13. Bh4 Nh5 14. Bxe7 Qxe7 15. Rd2 Ne6 16. Qe3 Nhf4 17. Ne2 Nxe2+ 18. Bxe2 Nf4 19. Bc4 Qf6 20. Ne1 Be6 21. Bxe6 Nxe6 22. Rad1 Rfd8 23. Rxd8+ Rxd8 24. Rxd8+ Qxd8 25. Nd3 f6 26. Qa7 b6 1/2-1/2

[Event "Dubai op"]
[Site "Dubai"]
[Date "2002.04.24"]
[Round "8"]
[White "Chahrani, Ibrahim"]
[Black "Hamed, Ahmed"]
[Result "0-1"]
[WhiteElo "2312"]
[BlackElo "2338"]
[PlyCount "36"]
[EventDate "2002.04.15"]
[EventType "swiss"]
[EventRounds "9"]
[EventCountry "UAE"]
[SourceTitle "CBM 087 Extra"]
[Source "ChessBase"]
[SourceDate "2002.05.03"]
[SourceVersion "2"]
[SourceVersionDate "2002.08.09"]
[SourceQuality "1"]

1. e4 d6 2. d4 Nf6 3. Nc3 g6 4. Be3 c6 5. Qd2 b5 6. f3 Nbd7 7. g4 e5 8. g5 Nh5 9. d5 b4 10. dxc6 bxc3 11. cxd7+ Bxd7 12. Qxc3 Be7 13. Qd2 0-0 14. Ne2 Rb8 15. c3 Bb5 16. Ng3 Nf4 17. h4 Bxf1 18. Rxf1 Rxb2 0-1

[Event "Abu Dhabi op 11th"]
[Site "Abu Dhabi"]
[Date "2001.09.03"]
[Round "9"]
[White "Hamed, Ahmed"]
[Black "Molina Morena, Antonio"]
[Result "1/2-1/2"]
[WhiteElo "2337"]
[BlackElo "2293"]
[PlyCount "135"]
[EventDate "2001.08.25"]
[EventType "swiss"]
[EventRounds "9"]
[EventCountry "UAE"]
[SourceTitle "EXT 2002"]
[Source "ChessBase"]
[SourceDate "2001.11.25"]
[SourceVersion "1"]
[SourceVersionDate "2001.11.25"]
[SourceQuality "1"]

1. e4 c5 2. c3 Nf6 3. e5 Nd5 4. d4 cxd4 5. cxd4 Nc6 6. Nf3 d6 7. Bc4 Nb6 8. Bb5 dxe5 9. Nxe5 Bd7 10. Nc3 Nxe5 11. dxe5 Bxb5 12. Nxb5 Qxd1+ 13. Kxd1 Nd5 14. Ke2 e6 15. Rd1 Bc5 16. Rxd5 exd5 17. Nc7+ Kd7 18. Nxa8 Rxa8 19. Kd3 Bxf2 20. Bd2 Bb6 21. Rf1 Ke6 22. Rf3 h5 23. Rg3 g6 24. Rf3 Bd8 25. Bc3 Rc8 26. b3 Be7 27. h3 h4 28. Bd2 Rh8 29. Rf1 Rc8 30. Rf3 Rc6 31. Be3 b5 32. Rf2 a5 33. Bd4 Rc1 34. Bb2 Rd1+ 35. Ke2 Rb1 36. Bd4 a4 37. bxa4 bxa4 38. Bc3 Rc1 39. Kd3 a3 40. Rf4 Rg1 41. Ra4 Rxg2 42. Ra6+ Kf5 43. Ra7 Bc5 44. Rxf7+ Ke6 45. Rf6+ Kd7 46. Rf7+ Kc6 47. Rf6+ Kb5 48. e6 Rg3+ 49. Kc2 Kc4 50. Rf4+ Kb5 51. Rxh4 Re3 52. Bd4 Rxe6 53. Bxc5 Kxc5 54. Rg4 Rb6 55. Kc3 Rf6 56. Rg3 Re6 57. Kd2 Ra6 58. Kc3 Rb6 59. Rg4 Re6 60. Kd3 Rf6 61. Ke3 d4+ 62. Rxd4 Rf3+ 63. Kxf3 Kxd4 64. h4 Kc3 65. Ke2 Kb2 66. Kd2 Kxa2 67. Kc2 Ka1 68. Kb3 1/2-1/2

[Event "Abu Dhabi op 11th"]
[Site "Abu Dhabi"]
[Date "2001.08.27"]
[Round "3"]
[White "Hamed, Ahmed"]
[Black "Khalid, Al Shaali"]
[Result "1-0"]
[WhiteElo "2337"]
[BlackElo "2187"]
[PlyCount "117"]
[EventDate "2001.08.25"]
[EventType "swiss"]
[EventRounds "9"]
[EventCountry "UAE"]
[SourceTitle "EXT 2002"]
[Source "ChessBase"]
[SourceDate "2001.11.25"]
[SourceVersion "1"]
[SourceVersionDate "2001.11.25"]
[SourceQuality "1"]

1. d4 Nf6 2. c4 g6 3. Nc3 Bg7 4. Nf3 0-0 5. g3 d6 6. Bg2 Nc6 7. 0-0 a6 8. h3 Rb8 9. e4 e5 10. Be3 exd4 11. Nxd4 Nxd4 12. Bxd4 Be6 13. b3 b5 14. cxb5 axb5 15. Rc1 c5 16. Be3 Qa5 17. Qd2 Rfd8 18. Rfd1 c4 19. Nd5 Qxd2 20. Bxd2 cxb3 21. axb3 Nxd5 22. exd5 Bd7 23. Ba5 Re8 24. Bc7 Ra8 25. Bxd6 Re2 26. Rc7 Bf5 27. Bc5 Bc2 28. Rc1 Bb2 29. Bf1 Bxc1 30. Bxe2 Bxb3 31. d6 Be6 32. d7 Bg5 33. Bf3 Rd8 34. h4 Bf6 35. Bc6 Kg7 36. Bxb5 Rb8 37. Bc6 Bd8 38. Ra7 Rb1+ 39. Kg2 Rc1 40. Bd4+ f6 41. Bf3 Rc7 42. Rxc7 Bxc7 43. Bc6 Kf7 44. Bc5 Bb3 45. Kf3 Ke6 46. Ke4 Bd8 47. Bb4 Ba2 48. Kd4 Bb6+ 49. Bc5 Bd8 50. g4 h5 51. f3 hxg4 52. fxg4 g5 53. h5 f5 54. h6 Kf6 55. gxf5 Bg8 56. Be4 g4 57. Bf8 Kf7 58. Bg7 Ke7 59. f6+ 1-0

[Event "Abu Dhabi op 11th"]
[Site "Abu Dhabi"]
[Date "2001.08.25"]
[Round "1"]
[White "Hamed, Ahmed"]
[Black "Ulybin, Mikhail"]
[Result "0-1"]
[WhiteElo "2337"]
[BlackElo "2583"]
[PlyCount "90"]
[EventDate "2001.08.25"]
[EventType "swiss"]
[EventRounds "9"]
[EventCountry "UAE"]
[SourceTitle "EXT 2002"]
[Source "ChessBase"]
[SourceDate "2001.11.25"]
[SourceVersion "1"]
[SourceVersionDate "2001.11.25"]
[SourceQuality "1"]

1. e4 c5 2. c3 e6 3. Nf3 d5 4. d3 Nc6 5. Be2 Bd6 6. 0-0 Nge7 7. Re1 0-0 8. Nbd2 Bc7 9. Nf1 d4 10. Nh4 Ng6 11. Nxg6 hxg6 12. g3 e5 13. h4 Be6 14. Nh2 b5 15. Nf3 f6 16. cxd4 exd4 17. Nh2 c4 18. f4 Nb4 19. Bd2 a5 20. h5 g5 21. h6 gxh6 22. Kg2 Kg7 23. Rh1 Nxd3 24. Bxd3 cxd3 25. Ng4 Rh8 26. f5 Bf7 27. Qf3 Rc8 28. Qxd3 h5 29. Nf2 Qd6 30. b3 b4 31. Rac1 Bb8 32. Rxc8 Rxc8 33. Rc1 Rxc1 34. Bxc1 Qc5 35. Bb2 Ba7 36. Qd2 Be8 37. Nh3 Qe7 38. Nxg5 fxg5 39. Bxd4+ Bxd4 40. Qxd4+ Qf6 41. Qa7+ Bf7 42. Qxa5 Qb2+ 43. Kf3 g4+ 44. Kf4 Qf2+ 45. Kg5 Qe3+ 0-1

[Event "Golden Cleopatra op 5th"]
[Site "Cairo"]
[Date "2001.05.09"]
[Round "8"]
[White "Hamed, Ahmed"]
[Black "El Arousy, Abdul Hameed"]
[Result "1/2-1/2"]
[WhiteElo "2331"]
[BlackElo "2370"]
[PlyCount "131"]
[EventDate "2001.05.02"]
[EventType "swiss"]
[EventRounds "10"]
[EventCountry "EGY"]
[SourceTitle "CBM 082 Extra"]
[Source "ChessBase"]
[SourceDate "2001.07.03"]
[SourceVersion "1"]
[SourceVersionDate "2001.07.03"]
[SourceQuality "1"]

1. e4 e6 2. d4 d5 3. Nd2 Be7 4. Ngf3 Nf6 5. Bd3 c5 6. e5 Nfd7 7. c3 Nc6 8. 0-0 a5 9. a4 Qb6 10. dxc5 Qc7 11. Nb3 Ndxe5 12. Nxe5 Qxe5 13. Re1 Qc7 14. Qh5 Bd7 15. Nd4 Nxd4 16. cxd4 b6 17. Qg4 Kf8 18. Bf4 Qd8 19. Be5 Bf6 20. Bxf6 gxf6 21. Qf4 bxc5 22. dxc5 Bc6 23. Bb5 Rc8 24. Rac1 Ke7 25. Qd4 Qd7 26. Rc3 e5 27. f4 e4 28. Rec1 Rhg8 29. Rb3 Qf5 30. Rd1 Rb8 31. Rc3 Bxb5 32. axb5 Rxb5 33. Qxd5 Qxd5 34. Rxd5 Rxb2 35. g3 Rd8 36. Rxd8 Kxd8 37. f5 Kc7 38. c6 a4 39. Ra3 Rb4 40. Rc3 Rb3 41. Rc4 a3 42. Kf2 Rf3+ 43. Ke2 Rxf5 44. Ra4 Kxc6 45. Rxa3 Kd5 46. Ra5+ Ke6 47. Ra6+ Ke5 48. Ra5+ Ke6 49. Ra6+ Ke7 50. Ke3 Re5 51. g4 Re6 52. Ra4 f5 53. gxf5 Rh6 54. Ra7+ Kf6 55. Ra6+ Kg5 56. Rxh6 Kxh6 57. Kxe4 Kg5 58. Ke5 h6 59. h3 h5 60. f6 h4 61. Ke4 Kxf6 62. Kf4 Ke6 63. Kg4 Ke5 64. Kxh4 Kf4 65. Kh5 f5 66. Kg6 1/2-1/2

[Event "Golden Cleopatra op 5th"]
[Site "Cairo"]
[Date "2001.05.07"]
[Round "6"]
[White "Hamed, Ahmed"]
[Black "Elgabry, Mohsen"]
[Result "1/2-1/2"]
[WhiteElo "2331"]
[BlackElo "2328"]
[PlyCount "159"]
[EventDate "2001.05.02"]
[EventType "swiss"]
[EventRounds "10"]
[EventCountry "EGY"]
[SourceTitle "CBM 082 Extra"]
[Source "ChessBase"]
[SourceDate "2001.07.03"]
[SourceVersion "1"]
[SourceVersionDate "2001.07.03"]
[SourceQuality "1"]

1. e4 c5 2. c3 d5 3. exd5 Qxd5 4. d4 Nc6 5. Nf3 Bg4 6. Be2 cxd4 7. cxd4 e6 8. Nc3 Bb4 9. 0-0 Bxc3 10. bxc3 Nge7 11. h3 Bh5 12. Rb1 Qxa2 13. Rb2 Qd5 14. Rb5 Bxf3 15. Rxd5 Bxe2 16. Qxe2 exd5 17. Ba3 0-0 18. Re1 Rfe8 19. Qb5 Rab8 20. Bd6 Rbd8 21. Bxe7 Rxe7 22. Rxe7 Nxe7 23. Qxb7 Kf8 24. Qxa7 Rc8 25. Qa5 f6 26. f4 h6 27. Kf2 Kf7 28. Ke3 Rc6 29. Kd3 Rc8 30. Qa7 Rc6 31. Qd7 Rc8 32. g4 Rc6 33. h4 Kf8 34. f5 Kf7 35. Kc2 Kf8 36. Kb3 Kf7 37. Qd8 Rc8 38. Qa5 Kf8 39. Kc2 Kf7 40. Kd3 Rc6 41. Ke3 Kf8 42. Kf4 Kf7 43. Qa1 Kf8 44. Ke3 Kf7 45. Kd3 Kf8 46. Qe1 Kf7 47. Kc2 Kf8 48. Kb3 Kf7 49. Kb4 Nc8 50. Kb5 Na7+ 51. Ka5 Nc8 52. Qe3 Kf8 53. Qf3 Ne7 54. Kb5 Rc8 55. Kb4 Rc6 56. Kb3 Kf7 57. Kc2 Kf8 58. Kd2 Kf7 59. Ke2 Kf8 60. Kf2 Kf7 61. Kg3 Kf8 62. Kf4 Kf7 63. g5 fxg5+ 64. hxg5 hxg5+ 65. Kxg5 Rf6 66. Qh5+ Kf8 67. Kf4 Rh6 68. Qf3 Rf6 69. Ke5 Kf7 70. Qh5+ Kf8 71. Qh3 Kf7 72. Qg4 Kf8 73. c4 dxc4 74. Qh3 Nxf5 75. Qa3+ Kf7 76. Qa7+ Kg6 77. d5 Nd6 78. Qg1+ Kf7 79. Qa7+ Kg8 80. Qc7 1/2-1/2

[Event "Golden Cleopatra op 5th"]
[Site "Cairo"]
[Date "2001.05.04"]
[Round "3"]
[White "Al Hadarani, Hatim"]
[Black "Hamed, Ahmed"]
[Result "1-0"]
[WhiteElo "2393"]
[BlackElo "2331"]
[PlyCount "87"]
[EventDate "2001.05.02"]
[EventType "swiss"]
[EventRounds "10"]
[EventCountry "EGY"]
[SourceTitle "CBM 082 Extra"]
[Source "ChessBase"]
[SourceDate "2001.07.03"]
[SourceVersion "1"]
[SourceVersionDate "2001.07.03"]
[SourceQuality "1"]

1. e4 d6 2. d4 Nf6 3. Bd3 g6 4. f3 Nc6 5. c3 e5 6. d5 Ne7 7. Be3 Nh5 8. Ne2 f5 9. c4 Bg7 10. Nbc3 0-0 11. Qd2 c5 12. 0-0-0 a6 13. Kb1 Bd7 14. h3 f4 15. Bf2 Qa5 16. a3 b5 17. Na2 Qc7 18. Rc1 Rfb8 19. Rc2 Qb6 20. Rhc1 Qb7 21. Qa5 Bf6 22. Qe1 Nc8 23. Ka1 bxc4 24. Bxc4 Nb6 25. Rb1 Ba4 26. Rcc1 Bb5 27. Bb3 Qd7 28. Nec3 Rb7 29. Bd1 Rab8 30. Be2 Ng7 31. Qf1 Na8 32. b4 cxb4 33. Nxb5 axb5 34. Nxb4 Nc7 35. Rc6 Ra8 36. Kb2 Nf5 37. exf5 e4+ 38. Kb3 e3 39. Be1 Nxd5 40. Nxd5 Rxa3+ 41. Kxa3 Qxc6 42. Nxf6+ Kg7 43. Kb3 Qa6 44. Nd5 1-0

[Event "Dubai op"]
[Site "Dubai"]
[Date "2001.04.19"]
[Round "5"]
[White "Molina Morena, Antonio"]
[Black "Hamed, Ahmed"]
[Result "1/2-1/2"]
[WhiteElo "2198"]
[BlackElo "2331"]
[PlyCount "116"]
[EventDate "2001.04.15"]
[EventType "swiss"]
[EventRounds "9"]
[EventCountry "UAE"]
[SourceTitle "CBM 083"]
[Source "ChessBase"]
[SourceDate "2001.07.05"]
[SourceVersion "1"]
[SourceVersionDate "2001.07.05"]
[SourceQuality "1"]

1. d4 Nf6 2. c4 g6 3. Nc3 Bg7 4. e4 d6 5. Nf3 0-0 6. Be2 e5 7. 0-0 exd4 8. Nxd4 Re8 9. f3 Nc6 10. Be3 Nh5 11. Qd2 f5 12. Nxc6 bxc6 13. Bd4 Bxd4+ 14. Qxd4 c5 15. Qd2 Nf6 16. Bd3 fxe4 17. Nxe4 Bf5 18. Rfe1 Nxe4 19. Bxe4 Bxe4 20. Rxe4 Qf6 21. Rae1 Rxe4 22. Rxe4 c6 23. h3 Rd8 24. Qe2 d5 25. cxd5 cxd5 26. Re6 Qd4+ 27. Kh1 Qc4 28. Qe5 Rf8 29. Re7 Qc1+ 30. Kh2 Qf4+ 31. Qxf4 Rxf4 32. Rxa7 Rb4 33. b3 c4 34. bxc4 dxc4 35. Kg3 c3 36. Rc7 Ra4 37. Rxc3 Rxa2 38. Rc7 h5 39. h4 Rd2 40. Rc3 Kg7 41. Kh3 Rd4 42. g4 g5 43. Rc7+ Kg6 44. Rc6+ Kg7 45. hxg5 hxg4+ 46. fxg4 Rd1 47. Kg3 Rg1+ 48. Kf3 Rf1+ 49. Kg2 Ra1 50. Rf6 Ra3 51. Rf3 Ra5 52. Kg3 Rxg5 53. Kh4 Ra5 54. Rb3 Ra6 55. Kh5 Rc6 56. Rb7+ Kg8 57. g5 Ra6 58. g6 Ra1 1/2-1/2

[Event "Dubai op"]
[Site "Dubai"]
[Date "2000.05.06"]
[Round "8"]
[White "Alibaev, Akbar"]
[Black "Hamed, Ahmed"]
[Result "1-0"]
[WhiteElo "2220"]
[BlackElo "2344"]
[PlyCount "65"]
[EventDate "2000.04.28"]
[EventType "swiss"]
[EventRounds "9"]
[EventCountry "UAE"]
[SourceTitle "EXT 2001"]
[Source "ChessBase"]
[SourceDate "2000.11.22"]
[SourceVersion "1"]
[SourceVersionDate "2000.11.22"]
[SourceQuality "1"]

1. c4 Nf6 2. Nc3 g6 3. e4 d6 4. d4 Bg7 5. Be2 0-0 6. Nf3 e5 7. Be3 exd4 8. Nxd4 Re8 9. f3 Nc6 10. 0-0 Nh5 11. Qd2 f5 12. Nc2 Be6 13. Nd5 Qd7 14. Bg5 Ne5 15. Nd4 Nf7 16. Nxe6 Rxe6 17. Bd3 Nxg5 18. exf5 Qd8 19. fxe6 Nxe6 20. g3 c6 21. Nc3 Qf8 22. f4 Nd4 23. Rae1 Rd8 24. Kg2 d5 25. cxd5 cxd5 26. Qe3 Qb4 27. Qe7 Qxb2+ 28. Rf2 Qb6 29. Rb1 Qd6 30. Qxd6 Rxd6 31. Rxb7 Nf5 32. Re2 Bf8 33. Rxa7 1-0

[Event "Dubai op"]
[Site "Dubai"]
[Date "2000.04.30"]
[Round "3"]
[White "Hamed, Ahmed"]
[Black "Alsharhan, Faisal"]
[Result "1-0"]
[WhiteElo "2344"]
[BlackElo "2111"]
[PlyCount "51"]
[EventDate "2000.04.28"]
[EventType "swiss"]
[EventRounds "9"]
[EventCountry "UAE"]
[SourceTitle "EXT 2001"]
[Source "ChessBase"]
[SourceDate "2000.11.22"]
[SourceVersion "1"]
[SourceVersionDate "2000.11.22"]
[SourceQuality "1"]

1. e4 d6 2. d4 Nf6 3. f3 Nbd7 4. Be3 e5 5. d5 Be7 6. Ne2 0-0 7. Qd2 Ne8 8. Nbc3 g6 9. g4 Ng7 10. Ng3 a6 11. 0-0-0 b5 12. h4 Bxh4 13. Qh2 f5 14. gxf5 gxf5 15. exf5 Rxf5 16. Nxf5 Nxf5 17. Bd3 Nxe3 18. Rdg1+ Kf7 19. Qxh4 Qxh4 20. Rxh4 Nf6 21. Ne4 Bf5 22. Nxf6 Bxd3 23. Ne4 Bxe4 24. fxe4 c6 25. Rxh7+ Kf6 26. Rgg7 1-0

[Event "Golden Cleopatra op 3rd"]
[Site "Cairo"]
[Date "1999.04.18"]
[Round "8"]
[White "Hamed, Ahmed"]
[Black "Abdel Aziem, Ramadan"]
[Result "1-0"]
[WhiteElo "2349"]
[BlackElo "2189"]
[PlyCount "65"]
[EventDate "1999.04.11"]
[EventType "swiss"]
[EventRounds "9"]
[EventCountry "EGY"]
[SourceTitle "CBM 069 Extra"]
[Source "ChessBase"]
[SourceDate "1999.05.10"]
[SourceVersion "1"]
[SourceVersionDate "1999.05.10"]
[SourceQuality "1"]

1. d4 Nf6 2. c4 g6 3. Nc3 Bg7 4. e4 d6 5. Nf3 0-0 6. Be2 e5 7. 0-0 Nc6 8. d5 Ne7 9. b4 Ne8 10. c5 h6 11. Nd2 f5 12. Nc4 f4 13. a4 Kh8 14. Bb2 Ng8 15. Nb5 h5 16. Rc1 Nh6 17. h3 a6 18. Nba3 Nf6 19. Bf3 g5 20. Bxh5 g4 21. Bxg4 Nfxg4 22. hxg4 Bf6 23. cxd6 cxd6 24. Nxd6 Qxd6 25. Nc4 Qe7 26. g5 Bxg5 27. Nxe5 Kg8 28. Qh5 Qg7 29. d6 f3 30. Rc7 Be7 31. Ng6 Rf6 32. Bxf6 Qxf6 33. Nxe7+ 1-0

[Event "Tanta op 2nd"]
[Site "Tanta"]
[Date "1998.11.16"]
[Round "1"]
[White "Mellado Trivino, Juan"]
[Black "Hamed, Ahmed"]
[Result "1/2-1/2"]
[WhiteElo "2460"]
[BlackElo "2320"]
[PlyCount "38"]
[EventDate "1998.11.16"]
[EventType "swiss"]
[EventRounds "9"]
[EventCountry "EGY"]
[SourceTitle "CBM 067 Extra"]
[Source "ChessBase"]
[SourceDate "1999.01.01"]
[SourceVersion "1"]
[SourceVersionDate "1999.01.01"]
[SourceQuality "1"]

1. e4 d6 2. f4 Nf6 3. e5 dxe5 4. fxe5 Nd5 5. Nf3 c5 6. Bb5+ Bd7 7. Bxd7+ Qxd7 8. 0-0 h6 9. d4 cxd4 10. Qxd4 e6 11. a3 Nc6 12. Qe4 0-0-0 13. b4 f5 14. exf6 gxf6 15. c4 Nb6 16. Bb2 e5 17. Nbd2 Rg8 18. Rad1 Be7 19. Qe2 Qd3 1/2-1/2

[Event "Olympiad-33"]
[Site "Elista"]
[Date "1998.10.11"]
[Round "12.4"]
[White "Gamboa, Nelson"]
[Black "Hamed, Ahmed"]
[Result "1-0"]
[WhiteElo "2380"]
[BlackElo "2320"]
[PlyCount "69"]
[EventDate "1998.09.29"]
[EventType "team-swiss"]
[EventRounds "13"]
[EventCountry "RUS"]
[SourceTitle "CBM 068"]
[Source "ChessBase"]
[SourceDate "1999.02.01"]
[SourceVersion "1"]
[SourceVersionDate "1999.02.01"]
[SourceQuality "1"]
[WhiteTeam "Colombia"]
[BlackTeam "Egypt"]
[WhiteTeamCountry "COL"]
[BlackTeamCountry "EGY"]

1. e4 g6 2. d4 Bg7 3. Nc3 d6 4. Be3 c6 5. Qd2 b5 6. Bd3 Nd7 7. Nf3 a6 8. 0-0 e5 9. a4 b4 10. Ne2 a5 11. dxe5 dxe5 12. c3 Qe7 13. cxb4 axb4 14. Qc2 Bb7 15. a5 Rc8 16. a6 Ba8 17. Ra4 Ngf6 18. Bd2 b3 19. Qb1 0-0 20. Nc1 Nc5 21. Bb4 Rb8 22. Ba3 Nfd7 23. Ra5 Rfc8 24. Bc4 Rb5 25. Nxb3 Rxa5 26. Nxa5 Bf8 27. Nb3 Qf6 28. Rd1 Rd8 29. Nxc5 Nxc5 30. Rxd8 Qxd8 31. Nxe5 Qd4 32. Bxf7+ Kg7 33. Nf3 Qxe4 34. Qc1 Nd3 35. Qc3+ 1-0